White Things By Picture - Statistics

General Stats
  • This quiz has been taken 53 times
    30 since last reset
  • The average score is 6 of 8
Answer Stats
Picture Answer % Correct
Egg
100%
Candle
96%
Daisy
92%
Polar bear
92%
Paper
84%
Snow
72%
Arctic fox
52%
Marshmallows
52%
No matching quizzes found
Score Distribution
Percent of People with Each Score
Percentile by Number Answered
Your Score History
You have not taken this quiz since the last reset